| 000 | 01616nam0a2200421 4500 | ||
|---|---|---|---|
| 001 | RU\NLR\bibl\1362765 | ||
| 005 | 20260405125819.0 | ||
| 010 |
_a978-5-902477-51-8 _9500 |
||
| 021 |
_aRU _b2009-16618 _9983 |
||
| 035 | _a(nilc)EL/0000261538 | ||
| 035 | _aROSTOV\BIBL\0000143552 | ||
| 035 | _a(NLR Aleph) 001354930 | ||
| 090 |
_a944557 _c944557 |
||
| 100 | _a20090401d2008 |||y0rusy50 ca | ||
| 101 | 0 | _arus | |
| 102 | _aRU | ||
| 105 | _aa ||||||||| | ||
| 106 | _ar | ||
| 200 | 1 |
_aРассвета звездные пылинки _eстихи и басни _fВиталий Шевченко _g[рис. - Лариса Белинина] |
|
| 210 |
_aРостов-на-Дону _cСтранник _d2008 |
||
| 215 |
_a86, [1] с. _cил. _d20 |
||
| 300 | _aНа обл. авт. не указан | ||
| 327 | 1 | _aСодерж.: циклы: Когда я приеду; Той любвт привет...; На земле я нашел; Басни | |
| 610 | 0 | _aРусская художественная литература | |
| 610 | 0 | _aПоэзия | |
| 686 |
_a84(2Рос=Рус)6-5 _vLBC/RL _2rubbk |
||
| 686 | _aШ6(2=Р)75-5 | ||
| 686 | _aШ6(2=Р)75-756 | ||
| 700 | 1 |
_4070 _7ca _8rus _aШевченко _bВ. И. _cпоэт _f1941- _gВиталий Иванович _933998 _3RU\NLR\auth\7751064 |
|
| 801 | 0 |
_aRU _bДонская ГПБ _c20090401 _grcr |
|
| 801 | 1 |
_aRU _bДонская ГПБ _c20090401 _2rusmarc |
|
| 801 | 2 |
_aRU _bNLR _c20090429 _grcr |
|
| 830 | _aБиблиограф Рябоконь | ||
| 942 | _cBOOK | ||
| 980 | _aNB | ||